000 00693nam a2200217 i 4500
001 180735
003 ES-MaACL
005 20230906221157.0
008 120705s1962 sp |||| | spa d
080 _a087.5:821.134.2-3"19"
100 1 _aMorales de Rodríguez, Pilar.
_9150858
245 1 3 _aLa melodía del violín sin cuerdas /
_cpor Pilar Morales de Rodríguez.
260 _aBarcelona :
_bDomingo Savio,
_c[1962]
300 _a85 p. ;
_c11 cm.
490 1 _aArdilla ;
_v168
505 8 _aContiene: ;
_tEl barquito, el viejo y el niño
740 3 _aEl barquito, el viejo y el niño.
830 0 _aArdilla ;
_v168
_9191326
852 _aES-MaACL
_j2312-F-8
999 _c180735
_d180735